Selected approaches to adult education, (Record no. 22137)

MARC details
000 -LEADER
fixed length control field 00953cam a22002531 4500
001 - CONTROL NUMBER
control field e 50000037
003 - CONTROL NUMBER IDENTIFIER
control field DLC
005 - DATE AND TIME OF LATEST TRANSACTION
control field 20260227111234.0
008 - FIXED-LENGTH DATA ELEMENTS--GENERAL INFORMATION
fixed length control field 830613s1950 dcua 000 0 eng
010 ## - LIBRARY OF CONGRESS CONTROL NUMBER
LC control number e 50000037
035 ## - SYSTEM CONTROL NUMBER
System control number (OCoLC)16764303
040 ## - CATALOGING SOURCE
Original cataloging agency DLC
Transcribing agency OrPS
Modifying agency DLC
042 ## - AUTHENTICATION CODE
Authentication code premarc
050 00 - LIBRARY OF CONGRESS CALL NUMBER
Classification number L111
Item number .A6 1950, no. 16
051 ## - LIBRARY OF CONGRESS COPY, ISSUE, OFFPRINT STATEMENT
Classification number LC5215
Item number .K37
100 1# - MAIN ENTRY--PERSONAL NAME
Personal name Kempfer, Homer.
245 10 - TITLE STATEMENT
Title Selected approaches to adult education,
260 ## - PUBLICATION, DISTRIBUTION, ETC.
Place of publication, distribution, etc. [Washington]
Name of publisher, distributor, etc. Federal Security Agency, Office of Education
Date of publication, distribution, etc. [1950]
300 ## - PHYSICAL DESCRIPTION
Extent iv, 48 p.
Other physical details illus.
Dimensions 23 cm.
501 ## - WITH NOTE
With note Copies 1 and 2 of L111.A6 with: State boards of education and chief state school officers / Ward W. Keesecker. Washington : Govt. Print. Off., 1950. Bound together subsequent to publication.
Institution to which field applies DLC
650 #0 - SUBJECT ADDED ENTRY--TOPICAL TERM
Topical term or geographic name entry element Adult education.
700 1# - ADDED ENTRY--PERSONAL NAME
Personal name Wright, Grace Stevens.
Relator term joint author.
830 #0 - SERIES ADDED ENTRY--UNIFORM TITLE
Uniform title Bulletin (United States. Office of Education) ;
Volume/sequential designation 1950, no. 16.

No items available.

Powered by Koha